Partenaires commerciaux de la France - Statistiques

Statistiques générales
  • Ce quiz a été pris 31 944 fois
    28 452 depuis la dernière actualisation
  • Le résultat moyen est 15 sur 18
Statistiques - réponses
Export Import Pays % Correct
45,3 41,5 Etats-Unis
99%
83,2 102,3 Allemagne
98%
31,8 58,9 Chine
98%
44,3 42,9 Espagne
98%
42,8 50,4 Italie
96%
38,6 24,3 Royaume-Uni
94%
6,30 11,8 Russie
93%
40,4 46,4 Belgique
91%
7,80 11,9 Japon
90%
18,9 17,6 Suisse
89%
6,27 7,89 Portugal
88%
20,9 30,1 Pays-Bas
81%
6,49 Inde
80%
11,7 12,7 Pologne
80%
7,80 Irlande
66%
7,10 9,48 Turquie
63%
8,96 Tchéquie
36%
9,68 Singapour
16%
Aucun quiz correspondant
Distribution des résultats
% des personnes avec chaque résultat
Percentile par nombre de réponses
Votre historique - résultats
Vous n’avez pas pris ce quiz depuis la dernière actualisation